| 000 | 00785cam a2200229 a 4500 | ||
|---|---|---|---|
| 999 |
_c4568 _d4568 |
||
| 005 | 20180216124754.0 | ||
| 008 | 030805s2003 pe a b 000 0 spa c | ||
| 020 | _a9972102831 | ||
| 040 |
_aPE-LiEIC _cSTF _dAGL _dDLC _dCO-Bo-IAVH |
||
| 041 | 0 | _aspa | |
| 044 | _ape | ||
| 082 | 0 | 0 |
_a630.0985 _bB72p |
| 100 | 1 |
_aBrack Egg, Antonio _eautor |
|
| 245 | 1 | 0 |
_aPerú : _bdiez mil años de domesticación / _cAntonio Brack Egg. |
| 260 |
_aLima: _bBruño; _c2003. |
||
| 300 |
_a160 páginas : _bilustraciones a color ; _c24 x 17 cm. |
||
| 504 | _aIncluye referencias bibliográficas páginas 155-160. | ||
| 650 | 2 | 6 |
_aProducción vegetal _xCultivo _zPerú |
| 650 | 2 | 6 |
_aAnimales domésticos _zPerú |
| 650 | 2 | 6 |
_aDomesticación _zPerú _xHistoria |
| 942 |
_2ddc _cLIBRO |
||